Statistics for Movies that Start with B

Click here to take the quiz!

General Stats

  • This quiz has been taken 45,696 times
    (31,183 since last reset)
  • The average score is 12 of 19

Answer Stats

DescriptionMovie% Correct
Young deer witnesses the death of his mother before growing up and finding true loveBambi
95%
Ugly monster must find true love with the help of a talking candelabraBeauty and the Beast
93%
Teenager must go back in time to make his parents fall in love so that he can existBack to the Future
91%
Pig wins a sheep-herding competitionBabe
90%
Angsty teens from different cliques bond in Saturday detentionBreakfast Club, the
79%
The pressures of "Swan Lake" cause a ballerina to descend into madnessBlack Swan
79%
Red-headed archer girl doesn't want to get married Brave
77%
Amateur filmmakers go into the woods to find a witch - all that survived
was this videotape
Blair Witch Project, the
76%
During the Great Depression, a man and a woman rob banks until they are
machine-gunned by police
Bonnie and Clyde
73%
Two western men can't quit each other or move to a more tolerant part of the countryBrokeback Mountain
62%
Charioteer wins the big race and witnesses the crucifixion of JesusBen-Hur
55%
Dude and his bowling buddies battle nihilistsBig Lebowski, the
49%
Wealthy football fans adopt a gigantic football playerBlind Side, the
47%
Nordic hero must defeat Grendel and his sexy motherBeowulf
47%
Street-savvy Detroit cop goes to Los Angeles to solve a murderBeverly Hills Cop
41%
In the year 2019, a bounty-hunter must kill escaped replicants in dystopian Los AngelesBlade Runner
41%
Little league misfits don't win the big game, but get beer from their
alcoholic coach anyway
Bad News Bears, the
32%
Holly Golightly is a country girl turned Manhattan socialite who schemes to marry
a rich man - but has to settle for true love
Breakfast at Tiffany's
23%
High-kicking martial artist competes in the kumite, a deadly underground
tournament in Hong Kong
Bloodsport
17%

Score Distribution

Percentile by Number Answered

Percent of People with Each Score

Your Score History

You have not taken this quiz since the last reset